| 000 | 00956nam a2200241 4500 | ||
|---|---|---|---|
| 001 | 175405 | ||
| 003 | ES-MaACL | ||
| 005 | 20230906215823.0 | ||
| 008 | 101027s2007 sp ap |||| | spa d | ||
| 080 | _a659.3:32 | ||
| 080 | _a316.77:355 | ||
| 245 | 0 | 0 | _aCiclos de conferencias 2004-2005 en La Casa Encendida. |
| 246 | 1 | 4 |
_aGlobalización y medios de comunicación _b: ciclo de conferencias |
| 260 |
_aValencia : _bCybermonde, _c[2007] |
||
| 300 |
_a95 p. : _bil. col. ; _c30 cm. |
||
| 505 | 8 | _aContiene: Ciclo año 2004: Tendendias globales y medios de comunicación. Ciclo año 2005: Conflictos y medios de comunicación. | |
| 596 | _aEn port.: Le Monde Diplomatique, ed. española. | ||
| 597 | _aTexto a dos columnas. | ||
| 650 | 0 | 7 |
_aMedios de comunicación social- _xAspectos políticos. _914964 |
| 650 | 7 |
_aGuerra- _xEn los medios de comunicación social. _9143733 |
|
| 710 | 2 |
_aLa Casa Encendida. _9143734 |
|
| 852 |
_aES-MaACL _j2281-F-24 |
||
| 999 |
_c175405 _d175405 |
||